The poems
Gorde:
| Egile nagusia: | |
|---|---|
| Formatua: | Liburua |
| Hizkuntza: | Undetermined |
| Argitaratua: |
London
Everyman's Library
1992
|
| Gaiak: | |
| Etiketak: |
Etiketa erantsi
Etiketarik gabe, Izan zaitez lehena erregistro honi etiketa jartzen!
|
| Thư viện lưu trữ: | Trung tâm Học liệu Trường Đại học Cần Thơ |
|---|
| LEADER | 00480nam a2200181Ia 4500 | ||
|---|---|---|---|
| 001 | CTU_36024 | ||
| 008 | 210402s9999 xx 000 0 und d | ||
| 082 | |a 821.7 | ||
| 082 | |b K25p | ||
| 100 | |a John Keats | ||
| 245 | 4 | |a The poems | |
| 245 | 0 | |c John Keats | |
| 260 | |a London | ||
| 260 | |b Everyman's Library | ||
| 260 | |c 1992 | ||
| 650 | |a english literature - 19th century,english poetry | ||
| 904 | |i Minh, 000406 | ||
| 980 | |a Trung tâm Học liệu Trường Đại học Cần Thơ | ||